Word Ladder: Disney II Quiz Stats

Quiz Updated Mar 20, 2016

Challenge
Share
Tweet
Embed
Score 0/24 Timer 04:00
0 Plays Today
Clue 4-Letter Word % Correct
'The Jungle ______'BOOK
98.9%
'Robin ______'HOOD
98.6%
Lyrics: 'Just take my hand, ___ it tight.'HOLD
97.9%
Alice falls down one of this made by a rabbitHOLE
97.2%
Song: 'Can you feel the ___ tonight?'LOVE
97.2%
Song: 'Someday My Prince Will ______'COME
97%
Mulan Song: 'I'll ___ a Man out of You'MAKE
96.3%
In 1922, a Disney short film had a Puss with one of this on each footBOOT
94.7%
Brother Bear Song: '___ Through My Eyes'LOOK
94.2%
Sound made by Pooh's friend OwlHOOT
94%
Tarzan Song: 'Strangers ___ Me'LIKE
93%
A sheltered bay where pirates like Captain Hook hideCOVE
92.3%
Clue 4-Letter Word % Correct
Song: 'My Own ___'HOME
90.5%
What Pinocchio wants to do like a real boyLIVE
88.5%
Linguini's mode of transporation in RatatouilleBIKE
84.8%
Mufasa's hairy prideMANE
83.1%
The fairies in Sleeping Beauty do this for Briar Rose on her birthdayBAKE
83%
Dumbo Song: 'Baby ___'MINE
72.9%
Fur that Bianca's hat might be made from in 'The Rescuers'MINK
69.3%
Lulubelle ___, an avian relative of Donald DuckLOON
65.5%
Dumbo song: '___ Elephants on Parade'PINK
64.7%
Mulan's male disguise namePING
61.8%
1994 Disney cartoon: The [First Rung] [Last Rung]LION
56.8%
1994 Disney cartoon: The [First Rung] [Last Rung]KING
56.3%

Today's Daily Dose

Missing Word
Benicio del Toro

Word Ladder
Winter Sights

Quick Pick
'A' Beverages

On This Day
October 18th

You're not logged in!

Compare scores with friends on all Sporcle quizzes.
Sign Up with Email
OR
Log In

You Might Also Like...

Show Comments

Extras

Top Quizzes Today


Score Distribution

Your Account Isn't Verified!

In order to create a playlist on Sporcle, you need to verify the email address you used during registration. Go to your Sporcle Settings to finish the process.